Pomocné materiály ke cvičením z rozličné hospodářské činnosti pro obor ekonomika služeb a cestovního ruchu

Salvato in:
Dettagli Bibliografici
Autore principale: Petrů, Zdenka
Ente Autore: Vysoká škola ekonomická v Praze. Obchodní fakulta
Altri autori: Svoboda, Jaroslav
Natura: Libro
Lingua:ceco
Pubblicazione: Praha Státní pedagogické nakladatelství 1984
Tags: Aggiungi Tag
Nessun Tag, puoi essere il primo ad aggiungerne!!

MARC

LEADER 00000nam a2200000 4500
001 c107042
005 20190425095959.9
041 0 |a cze 
044 |a CZ 
245 1 0 |a Pomocné materiály ke cvičením z rozličné hospodářské činnosti pro obor ekonomika služeb a cestovního ruchu  |c Zdenka Petrů, Jaroslav Svoboda 
264 1 |a Praha  |b Státní pedagogické nakladatelství  |c 1984 
300 |a 100 s. 
100 1 |a Petrů, Zdenka 
700 1 |a Svoboda, Jaroslav 
710 2 |a Vysoká škola ekonomická v Praze. Obchodní fakulta